PPP z pohledu teorie veřejného investování

Teoretické východiská a koncepty, ktoré poskytujú základ pre využitie formy financovania a zabezpečenia verejnej infraštruktúry a služieb prostredníctvom partnerstva verejného a súkromného sektoru, teda PPP (Public private partnership)

Gespeichert in:
Bibliographische Detailangaben
1. Verfasser: Ostřížek, Jan
Format: Buchkapitel
Sprache:Tschechisch
Schlagworte:
Tags: Tag hinzufügen
Keine Tags, Fügen Sie das erste Tag hinzu!

MARC

LEADER 00000naa a2200000 4500
001 0150712
005 20231128131207.3
041 0 |a cze 
044 |a CZ 
245 1 0 |a PPP z pohledu teorie veřejného investování  |c Jan Ostřížek 
520 |a Teoretické východiská a koncepty, ktoré poskytujú základ pre využitie formy financovania a zabezpečenia verejnej infraštruktúry a služieb prostredníctvom partnerstva verejného a súkromného sektoru, teda PPP (Public private partnership) 
610 2 0 |a investovanie 
610 2 0 |a infraštruktúra 
610 2 0 |a partnerstvo verejno-súkromné 
610 2 0 |a výdavky verejné 
610 2 0 |a manažment 
610 2 0 |a služby verejné 
610 2 0 |a správa verejná 
100 1 |a Ostřížek, Jan